Richard Buxton Solicitors v Mills-Owens (Record no. 82323)

MARC details
000 -LEADER
fixed length control field 00901cab a22001935a 4500
001 - CONTROL NUMBER
control field L149914
008 - FIXED-LENGTH DATA ELEMENTS--GENERAL INFORMATION
fixed length control field 100517e2010 xxk 000 0 eng d
035 ## - SYSTEM CONTROL NUMBER
System control number (Sirsi) u149914
041 0# - LANGUAGE CODE
Language code of text/sound track or separate title eng
245 00 - TITLE STATEMENT
Title Richard Buxton Solicitors v Mills-Owens
Medium [electronic resource]
260 ## - PUBLICATION, DISTRIBUTION, ETC.
Date of publication, distribution, etc. 2010
520 ## - SUMMARY, ETC.
Summary, etc. [2010] EWCA Civ 122, 23 February 2010. Concerned with whether a solicitor retained by a client who is convinced that his/her client's case is unarguable is entitled to terminate its retainer and request payment for professional fees for work undertaken prior to termination. "Held" appeal allowed.
590 ## - LOCAL NOTE (RLIN)
Local note KA
650 24 - SUBJECT ADDED ENTRY--TOPICAL TERM
Topical term or geographic name entry element RICHARD BUXTON SOLICITORS V MILLS-OWENS
651 #4 - SUBJECT ADDED ENTRY--GEOGRAPHIC NAME
Geographic name England and Wales
Chronological subdivision 1543-
690 ## - LOCAL SUBJECT ADDED ENTRY--TOPICAL TERM (OCLC, RLIN)
Topical term or geographic name as entry element MANAGEMENT-BUSINESS MANAGEMENT-FEES
856 48 - ELECTRONIC LOCATION AND ACCESS
Host name luhttp://www.bailii.org/ew/cases/EWCA/Civ/2010/122.htm
Public note View this item free of charge at www.bailii.org
942 ## - ADDED ENTRY ELEMENTS (KOHA)
Suppress in OPAC 0
Holdings
Withdrawn status Lost status Source of classification or shelving scheme Damaged status Not for loan Home library Current library Shelving location Date acquired Total Checkouts Full call number Barcode Date last seen Copy number Price effective from Koha item type
    Dewey Decimal Classification     Virtual Virtual Online 17/05/2010   ONLINE PUBLICATION 149914-2001 06/08/2019 1 06/08/2019 Law report